000 00853nam a2200241 a 4500
001 000038631
003 DO-SdBNP
005 20230119130407.0
007 ta
008 130416s2012 dr ad fr 001 0 spa d
040 _aDO-SdBNP
_bspa
_cBNPHU
082 4 _222
_bR426p
110 1 _aRepública Dominicana.
_bMinisterio de Educación Superior, Ciencia y Tecnología
_956809
245 1 0 _aPrograma reformulación de la formación docente /
_cPresentación, Ligia Amada Melo de Cardona.
260 _aSanto Domingo :
_bMinisterio de Educación Superior Ciencia y Tecnología MESCyT,
_c2012
300 _a275 p. :
_bil.,gráf. ;
_c29 cm.
500 _aIncluye glosario de términos.
504 _aBibliografía : 241 - 243
590 _aInventariado 2023 / MF
700 1 _aMelo de Cardona, Ligia Amada
_927174
910 _aMFeliz
942 _2ddc
_cLBS1
999 _c38121
_d38121